Central Library OPAC University of Rajshahi

Minority problems in Southeast Asia / (Record no. 59529)

MARC details
000 -LEADER
fixed length control field 00878nam a2200253 a 4500
001 - CONTROL NUMBER
control field 59529
003 - CONTROL NUMBER IDENTIFIER
rucl marc code BD-RjUL
005 - DATE AND TIME OF LATEST TRANSACTION
control field 20211209080737.0
008 - FIXED-LENGTH DATA ELEMENTS--GENERAL INFORMATION
fixed length control field 161226s1955 cau b 000 0 eng
035 ## - SYSTEM CONTROL NUMBER
System control number (BD-RjUL)59653
040 ## - CATALOGING SOURCE
Original cataloging agency DLC
Transcribing agency PBm
Modifying agency BD-RjUL
-- BD-RjUL
Language of cataloging eng
041 ## - LANGUAGE CODE
Language code of text/sound track or separate title eng
082 ## - DEWEY DECIMAL CLASSIFICATION NUMBER
Classification number 323.15
Edition number 23
Author mark and year THM 1955
100 1# - MAIN ENTRY--PERSONAL NAME
Personal name Thompson, Virginia,
Dates associated with a name 1903-1990.
9 (RLIN) 177065
245 10 - TITLE STATEMENT
Title Minority problems in Southeast Asia /
Statement of responsibility, etc. by Virginia Thompson and Richard Adloff.
260 ## - PUBLICATION, DISTRIBUTION, ETC. (IMPRINT)
Place of publication, distribution, etc. Stanford :
Name of publisher, distributor, etc. Stanford University Press,
Date of publication, distribution, etc. 1955.
300 ## - PHYSICAL DESCRIPTION
Pagination viii, 295 p. ;
Size 24 cm.
500 ## - GENERAL NOTE
General note "Issued under the auspices of the International Secretariat, Institute of Pacific Relations."
504 ## - BIBLIOGRAPHY, ETC. NOTE
Bibliography, etc Bibliography: p. 287-289.
650 #0 - SUBJECT ADDED ENTRY--TOPICAL TERM
Topical term or geographic name as entry element Minorities
Geographic subdivision Southeast Asia.
9 (RLIN) 177066
700 1# - ADDED ENTRY--PERSONAL NAME
Personal name Adloff, Richard,
Relator term joint author.
942 ## - ADDED ENTRY ELEMENTS (KOHA)
Source of classification or shelving scheme Dewey Decimal Classification
Koha item type Books
Holdings
Lost status Source of classification or shelving scheme Damaged status Not for loan Collection code Permanent Location Current Location Shelving location Date acquired Source of acquisition Cost, normal purchase price Total Checkouts Full call number Date last seen Copy number Koha item type
  Dewey Decimal Classification   Not For Loan Non-fiction Central Library, University of Rajshahi Central Library, University of Rajshahi Reading Room 04/02/1958 Oxford University Press 26.40   323.15 THM 1955 26/12/2016 C-1 Books